Oberzentren und Mittelzentren mit oberzentraler Teilfunktion in ST - Statistiken

Allgemein
  • Dieses Quiz wurde 28 mal gespielt
  • Das Durchschnittsergebnis liegt bei 4 aus 5
Antwortstatistiken
Stufe Stadt % Korrekt
Oberzentrum Magdeburg
100%
Oberzentrum Dessau-Roßlau
96%
Oberzentrum Halle (Saale)
96%
Mittelzentrum mit oberzentraler Teilfunktion Stendal
70%
Mittelzentrum mit oberzentraler Teilfunktion Halberstadt
65%
Keine übereinstimmenden Quizze gefunden
Verteilung der Resultate
Anzahl Personen mit jedem Resultat
Perzentil nach korrekt beantworteten Fragen
Ihre Resultats-Entwicklung
Sie haben dieses Quiz noch nicht gespielt